01708nab a22002897a 450000500170000000800410001704000250005804100080008304400070009110000380009824501900013624601000032626000840042630000470051050400570055752002770061454600490089165000600094065000710100070000420107170000400111370000440115370000410119777301470123894200160138599900170140120150723124404.0150723b2015 xxu|||||r|||| 00| 0 spa d aCO-BoIAVHcCO-BoIAVH aspa ack1 aValencia-Arroyave, Daniela9361800 aModelo para la estimación de emisiones vehículares como herramienta para la gestión ambiental institucional /cDaniela Arroyave-Valencia, Michelle Andrea Muñoz-Duque...[et. al.]0 aA commuting emissions estimation model as a tool for the institutional environmental management3 aCaldas, Antioquía (Colombia):bCorporación Universitaria Lasallista,c2015. aAño 2015, Nro 1, Enero-Junio, Pag. 22-39 aIncluye referencias bibliográficas (Pág. 37-39). aEn este artículo presentamos un modelo para la estimación de las emisiones vehiculares, producidas por los viajes con motivos de trabajo y/o estudio a escala institucional, junto con un caso de aplicación en la Institución Universitaria Colegio Mayor de Antioquia. aResumen también en inglés y portugués. 4aContaminación del aire.xFactores de emisión936221 4aControl de calidad del aire.vModeloxFactores de emisión9362221 aMuñoz-Duque, Michelle Andrea9361831 aRamírez Muñoz, Alejandra9361841 aBuiles Jaramillo, Luis Alejandro9361851 aHoyos-Restrepo, Carlos Arturo9361860 bProducción + limpiadCaldas (Antioquia) : Corporación Universitaria La sallista, 2006- .o042058tProducción más limpia / x19090455 2zcARTICULO c17614d17614